[Event "Rome Accademia Autumn"]
[Site "Rome"]
[Date "2010.10.10"]
[Round "4"]
[White "Nazzarri, Errico"]
[Black "Caporale, Giuseppe Guido"]
[Result "0-1"]
[WhiteElo "1383"]
[BlackElo "1782"]
[PlyCount "54"]
[EventDate "2010.10.08"]
[EventType "swiss"]
[EventRounds "5"]
[EventCountry "ITA"]
[SourceTitle "EXT 2024"]
[Source "ChessBase"]
[SourceDate "2023.10.10"]
[SourceVersion "1"]
[SourceVersionDate "2023.10.10"]
[SourceQuality "1"]

1. e4 d5 2. exd5 Qxd5 3. Nf3 Bg4 4. Be2 Nf6 5. 0-0 Nc6 6. Nc3 Qd6 7. d3 0-0-0 8. Be3 a6 9. a3 e6 10. Rb1 Nd5 11. Ne4 Qe7 12. d4 f5 13. Nc5 Qe8 14. h3 Nxe3 15. fxe3 Bxf3 16. Bxf3 Bxc5 17. c3 Bb6 18. Qe2 h5 19. h4 g5 20. g3 f4 21. exf4 gxf4 22. Kh2 fxg3+ 23. Kg2 e5 24. Kxg3 Qg6+ 25. Kh3 exd4 26. Bxc6 Qxc6 27. Rf4 d3 0-1